| 000 | 01259cam a22003257a 4500 | ||
|---|---|---|---|
| 003 | CHAP | ||
| 005 | 20220817043920.0 | ||
| 008 | 031031d2001 mx r 00010 spa d | ||
| 010 | _a87868 | ||
| 011 | _a88840 | ||
| 020 | _a9688209864 | ||
| 035 | _a99385 | ||
| 040 | _cCHAP | ||
| 090 | _aFolleto 16690 | ||
| 110 | 2 | _aMéxico. Presidencia de la República | |
| 245 | 1 | 0 |
_aDiscurso del Presidente de la República, Vicente Fox, durante la ceremonia conmemorativa del LXIII aniversario de la expropiación petrólera el 18 de marzo de 2001, Ciudad del Carmen, Camp. _c/por Presidencia de la República |
| 260 |
_aMéxico, D.F. : _bPresidencia de la República. Coordinación General de Opinión Pública e Imágen, _c2001. |
||
| 300 | _a11 p. | ||
| 590 |
_aBATCH-UPD _b10 _c20130110 _lUCH01 _h0513 |
||
| 590 |
_aBATCH-UPD _b10 _c20130410 _lUCH01 _h0152 |
||
| 590 |
_aBATCH-UPD _b10 _c20130914 _lUCH01 _h1337 |
||
| 590 |
_aBATCH-UPD _b10 _c20161124 _lUCH01 _h1712 |
||
| 590 |
_aCONVERSION _b10 _c20130109 _lUCH01 _h1349 |
||
| 650 | 1 | 4 |
_aExpropiación petrolera _xMéxico. _939136 |
| 651 | 4 |
_aMéxico _xPolítica y gobierno. _976783 |
|
| 901 | _aBK | ||
| 905 | _aAlejandra Carrasco M. | ||
| 942 | _cFOLL | ||
| 949 |
_aFolleto 16690 _bBC _cFOLL _d993851 _eTS1 _i99385 _sb |
||
| 999 |
_c87868 _d87868 |
||